000 00284nam a22001217a 4500
008 181106b xxu||||| |||| 00| 0 eng d
041 _aeng
080 _a370
100 _a48
101 _aEDU
245 _aVocabu=lit Reading Your Way To Word Power
_cJames.L
942 _2udc
_cBK
999 _c51985
_d51985